000 00461nam a2200145 4500
001 115823
003 ES-MaACL
005 20230906190552.0
007 t|
008 061121s1908 it r ||||1| ita d
100 1 _aNegri, Cesare.
_985300
245 1 2 _aL'ipoteca navale nel diritto italiano
_b: con cenni comparativi di diritto straniero : Studio /
_cCesare Negri.
260 _aTorino :
_bTip. Baravalle e Falconieri,
_c1908.
852 _aES-MaACL
_jT-1191-F-3
999 _c115823
_d115823